NBA All-stars games roster 2022 Cleveland - Statistics

General Stats
  • This quiz has been taken 72 times
  • The average score is 25 of 26
Answer Stats
Team and number Player % Correct
----------CAPITAN-----------Brooklyn Nets, 7 Kevin Durant
100%
Chicago Bulls, 11 DeMar DeRozan
98%
Utah Jazz, 45 Donovan Mitchell
98%
Milwaukee Bucks, 34 Giannis Antetokounmpo
98%
Boston Celtics, 0 Jayson Tatum
98%
Miami Heat, 22 Jimmy Butler
98%
Philadelphia 76ers, 21 Joel Embiid
98%
Charlotte Hornets, 2 LaMelo Ball
98%
---------CAPITAN------------Los Angeles Lakers, 6 LeBron James
98%
Dallas Mavericks, 77 Luka Doncic
98%
Denver Nuggets, 15 Nikola Jokic
98%
Golden State Warriors, 30 Stephen Curry
98%
Atlanta Hawks, 11 Trae Young
98%
Phoenix Suns, 1 Devin Booker
97%
Golden State Warriors, 23 Draymond Green
97%
Memphis Grizzlies, 12 Ja Morant
97%
Chicago Bulls, 8 Zach LaVine
97%
Phoenix Suns, 3 Chris Paul
95%
Minnesota Timberwolves, 32 Karl-Anthony Towns
95%
Milwaukee Bucks, 22 Khris Middleton
95%
Cleveland Cavaliers,10 Darius Garland
94%
Utah Jazz, 27 Rudy Gobert
94%
Golden State Warriors, 22 Andrew Wiggins
92%
Philadelphia 76ers, 1 James Harden
92%
Toronto Raptors, 23 Fred VanVleet
88%
San Antonio Spurs, 5 Dejounte Murray
82%
No matching quizzes found
Score Distribution
Percent of People with Each Score
Percentile by Number Answered
Your Score History
You have not taken this quiz